| 000 | 00401nam a2200157Ia 4500 | ||
|---|---|---|---|
| 008 | 230312s9999||||xx |||||||||||||| ||und|| | ||
| 020 | _a0-07-066287-8 | ||
| 082 |
_a658.3 _bFLI |
||
| 100 | _aFlippo Edwin B | ||
| 245 | 0 | _aPeresommel Management | |
| 260 |
_bMcGraw Hill _c1984 |
||
| 300 | _a590 | ||
| 546 | _aEng. | ||
| 650 |
_aManagement _vthe nature and challenge of personnel management |
||
| 942 | _cBK | ||
| 999 |
_c835 _d835 |
||